00000000cam 2200000zi 4500
0019.961826
003CaOODSP
00520260504103918
006m     o  d f      
007cr bn|||||||||
008260410t20131977onc     ob   f000 0 eng d
020 |z9781100164687 |q(incorrect)
040 |aCaOODSP|beng|erda|cCaOODSP
043 |an-cn---
0861 |aT52-4/307-2013E-PDF|zT52-4/55-2010E-PDF
24500|aStudy and reference guide for written examinations for the flight instructor rating : |bgyroplane.
264 1|a[Ottawa] : |bTransport Canada = Transports Canada, |c[2013]
264 4|c©1977
300 |a1 online resource (7 pages)
336 |atext|btxt|2rdacontent
337 |acomputer|bc|2rdamedia
338 |aonline resource|bcr|2rdacarrier
500 |aIssued also in French under title: Guide d'étude et de référence pour les examens écrits pour la qualification d'instructeur de vol : autogire.
500 |aIncorrect catalogue number (T52-4/55-2010E-PDF) and ISBN (9781100164687) printed in this publication.
500 |aThis publication is the July 2013 revised version of the first edition that was originally issued in September 2012.
500 |a"TP 15209E (Revised 07/2013)."
500 |a"September 2012."
500 |a"TC-1004945"--Verso of cover.
504 |aIncludes bibliographical references.
650 0|aAutogiros|xPiloting|zCanada|xExaminations|vStudy guides.
655 7|aStudy guides|2lcgft
7101 |aCanada. |bTransport Canada, |eissuing body.
77508|tGuide d'étude et de référence pour les examens écrits pour la qualification d'instructeur de vol : |w(CaOODSP)9.962515
85640|qPDF|s154 KB|uhttps://publications.gc.ca/collections/collection_2026/tc/T52-4-307-2013-eng.pdf
85640|qHTML|sN/A|uhttps://tc.canada.ca/en/aviation/publications/study-reference-guide-written-examinations-flight-instructor-rating-gyroplane-tp-15209
986 |aTP 15209E
986 |aTC-1004945